000 00361nam a2200145 i 4500
001 bg
100 1 _aBOLTAKS, B. J.
245 0 _aDiffuzija i tocecnye defekty w poluprovodnikach /
_cB.J. Boltaks.
260 _aLeningrad,
_c1972.
040 _cBPK
041 _apol
080 _a538.9:537.311.33
942 _cKS
008 s pl f |000 0 pol
999 _c14711
_d14711
856 _uhttp://koha.tu.koszalin.pl/cgi-bin/koha/opac-detail.pl?biblionumber=14711
_yKatalog online BPK